000 01392nam a2200253Ia 4500
999 _c39666
_d39666
001 6268
003 GE_BSU
005 20191031161358.0
008 181216s2012||||ge |||||||||||||| ||geo||
040 _cGE_BSU
041 _ageo
080 _a821.353.1-31 ჩ-63
100 _aჩქვანავა, გელა
_95190
245 _aმანუჩარის დიდი გასეირნება :
_bრომანი /
_cგელა ჩქვანავა; პროექტის იდეა ბესო ხვედელიძე სარედ. ჯგუფი ზაალ ჩხეიძე, მანანა ჯანელიძე, ირმა ხარშილაძე.
264 _aთბილისი :
_bპალიტრა L,
_c2012.
300 _a312 გვ.;
_b20 სმ.
490 _aახალი ქართული ლიტერატურა,
_xISSN 2233-3010.
653 _aმხატვრული ლიტერატურა
700 _aხვედელიძე, ბესო
_eპროექტის იდეა
_95191
700 _aჩხეიძე, ზაალ
_eრედაქტორი
_92244
700 _aჯანელიძე, მანანა
_eრედაქტორი
_91323
700 _aხარშილაძე, ირმა
_eრედაქტორი
_91324
942 _cBK
_2udc